<?xml version="1.0" encoding="UTF-8"?>
<record
    xmlns:xsi="http://www.w3.org/2001/XMLSchema-instance"
    xsi:schemaLocation="http://www.loc.gov/MARC21/slim http://www.loc.gov/standards/marcxml/schema/MARC21slim.xsd"
    xmlns="http://www.loc.gov/MARC21/slim">

  <leader>02201    a2200205   4500</leader>
  <controlfield tag="001">46669</controlfield>
  <controlfield tag="005">20260407155737.0</controlfield>
  <controlfield tag="008">260407a1982    arg                 spa d</controlfield>
  <controlfield tag="003">AR-UNSa-BCEJYS</controlfield>
  <datafield tag="040" ind1=" " ind2=" ">
    <subfield code="a">AR-UNSa-BCEJYS</subfield>
    <subfield code="b">spa</subfield>
    <subfield code="c">AR-UNSa-BCEJYS</subfield>
  </datafield>
  <datafield tag="080" ind1=" " ind2=" ">
    <subfield code="a">347.72</subfield>
    <subfield code="x">Sociedades comerciales</subfield>
  </datafield>
  <datafield tag="245" ind1="1" ind2="0">
    <subfield code="a">Sociedades Comerciales seg&#xFA;n la jurisprudencia y la doctrina</subfield>
  </datafield>
  <datafield tag="020" ind1=" " ind2=" ">
    <subfield code="a">978-950-14-1317-5</subfield>
  </datafield>
  <datafield tag="264" ind1=" " ind2="1">
    <subfield code="a">Buenos Aires :</subfield>
    <subfield code="b">Depalma</subfield>
    <subfield code="c">1982</subfield>
  </datafield>
  <datafield tag="300" ind1=" " ind2=" ">
    <subfield code="a">503 p.</subfield>
    <subfield code="c">24 cm.</subfield>
  </datafield>
  <datafield tag="505" ind1=" " ind2=" ">
    <subfield code="a">1. Sociedades irregulares y de hecho &#x2013; 2. Sociedades colectivas &#x2013; 3. Sociedades en comandita simples &#x2013; 4. Sociedades de capital e industria &#x2013; 5.Sociedades de responsabilidad limitada &#x2013; 6. Sociedades an&#xF3;nimas: acciones &#x2013; 7. Sociedades an&#xF3;nimas: administraci&#xF3;n y representaci&#xF3;n &#x2013; 8. Sociedades an&#xF3;nimas: asambleas de acciones &#x2013; 9. Sociedades an&#xF3;nimas: Balance, capital, competencia, constituci&#xF3;n, debentures, disoluci&#xF3;n y liquidaci&#xF3;n, domicilio, estatutos utilidades &#x2013; 10. Sociedades an&#xF3;nimas: documentaci&#xF3;n contable, escisi&#xF3;n, estatutos e I.G.P.J., fusi&#xF3;n, intervenci&#xF3;n judicial. Ley 19.880, libros, mandatos judiciales, personalidad, reclamaciones judiciales, reval&#xFA;o contable, sindicaci&#xF3;n de acciones, s&#xED;ndico, sociedades extranjeras, trasformaci&#xF3;n &#x2013; 11. Sociedad an&#xF3;nima con participaci&#xF3;n estatal mayoritaria &#x2013; 12. Sociedades en comanditas por acciones &#x2013; 13. Sociedades de econom&#xED;a mixta y sociedades del Estado &#x2013; 14. Sociedades cooperativas &#x2013; 15. Sociedades accidentales o en participaci&#xF3;n &#x2013; 16. Temas comerciales &#x2013; 17. Las sociedades y los impuestos: Aspectos de la tributaci&#xF3;n sobre utilidades societarias &#x2013; 18. Sociedad an&#xF3;nima con participaci&#xF3;n estatal mayoritaria: &#xBF;Subtipo de sociedad an&#xF3;nima? &#x2013; &#xDA;ltimos fallos publicados: 19. Sociedades en general, civiles, de hecho, irregulares, de capital e industria, de responsabilidad limitada, extranjeras &#x2013; 20. Sociedades por acciones &#x2013; 21. Comerciantes y sociedades de hecho &#x2013; 22. Sociedades colectivas, en comanditas simples y de responsabilidad limitada &#x2013; 23. Sociedades por acciones </subfield>
  </datafield>
  <datafield tag="942" ind1=" " ind2=" ">
    <subfield code="c">BK</subfield>
  </datafield>
  <datafield tag="590" ind1=" " ind2=" ">
    <subfield code="a">niveau_biblio:m niveau_hierar:0</subfield>
  </datafield>
  <datafield tag="100" ind1="1" ind2=" ">
    <subfield code="a">Cornejo Costas, Emilio</subfield>
  </datafield>
  <datafield tag="999" ind1=" " ind2=" ">
    <subfield code="c">4228</subfield>
    <subfield code="d">4228</subfield>
  </datafield>
  <datafield tag="952" ind1=" " ind2=" ">
    <subfield code="0">0</subfield>
    <subfield code="1">0</subfield>
    <subfield code="4">0</subfield>
    <subfield code="7">0</subfield>
    <subfield code="a">BCEJYS</subfield>
    <subfield code="b">BCEJYS</subfield>
    <subfield code="c">16</subfield>
    <subfield code="d">2026-04-07</subfield>
    <subfield code="l">0</subfield>
    <subfield code="o">347.72 C813s</subfield>
    <subfield code="p">L33604</subfield>
    <subfield code="r">2026-04-07 15:57:37</subfield>
    <subfield code="w">2026-04-07</subfield>
    <subfield code="y">L</subfield>
  </datafield>
  <datafield tag="952" ind1=" " ind2=" ">
    <subfield code="0">0</subfield>
    <subfield code="1">0</subfield>
    <subfield code="4">0</subfield>
    <subfield code="7">0</subfield>
    <subfield code="a">BCEJYS</subfield>
    <subfield code="b">BCEJYS</subfield>
    <subfield code="c">16</subfield>
    <subfield code="d">2026-04-07</subfield>
    <subfield code="l">0</subfield>
    <subfield code="o">347.72 C813s</subfield>
    <subfield code="p">L39655</subfield>
    <subfield code="r">2026-04-07 15:57:37</subfield>
    <subfield code="w">2026-04-07</subfield>
    <subfield code="y">L</subfield>
  </datafield>
  <datafield tag="952" ind1=" " ind2=" ">
    <subfield code="0">0</subfield>
    <subfield code="1">0</subfield>
    <subfield code="4">0</subfield>
    <subfield code="7">0</subfield>
    <subfield code="a">BCEJYS</subfield>
    <subfield code="b">BCEJYS</subfield>
    <subfield code="c">16</subfield>
    <subfield code="d">2026-04-07</subfield>
    <subfield code="l">0</subfield>
    <subfield code="o">347.72 C813s</subfield>
    <subfield code="p">L39656</subfield>
    <subfield code="r">2026-04-07 15:57:37</subfield>
    <subfield code="w">2026-04-07</subfield>
    <subfield code="y">L</subfield>
  </datafield>
  <datafield tag="952" ind1=" " ind2=" ">
    <subfield code="0">0</subfield>
    <subfield code="1">0</subfield>
    <subfield code="4">0</subfield>
    <subfield code="7">0</subfield>
    <subfield code="a">BCEJYS</subfield>
    <subfield code="b">BCEJYS</subfield>
    <subfield code="c">16</subfield>
    <subfield code="d">2026-04-07</subfield>
    <subfield code="l">0</subfield>
    <subfield code="o">347.72 C813s</subfield>
    <subfield code="p">L44288</subfield>
    <subfield code="r">2026-04-07 15:57:37</subfield>
    <subfield code="w">2026-04-07</subfield>
    <subfield code="y">L</subfield>
  </datafield>
  <datafield tag="952" ind1=" " ind2=" ">
    <subfield code="0">0</subfield>
    <subfield code="1">0</subfield>
    <subfield code="4">0</subfield>
    <subfield code="7">0</subfield>
    <subfield code="a">BCEJYS</subfield>
    <subfield code="b">BCEJYS</subfield>
    <subfield code="c">16</subfield>
    <subfield code="d">2026-04-07</subfield>
    <subfield code="l">0</subfield>
    <subfield code="o">347.72 C813s</subfield>
    <subfield code="p">L44290</subfield>
    <subfield code="r">2026-04-07 15:57:37</subfield>
    <subfield code="w">2026-04-07</subfield>
    <subfield code="y">L</subfield>
  </datafield>
  <datafield tag="952" ind1=" " ind2=" ">
    <subfield code="0">0</subfield>
    <subfield code="1">0</subfield>
    <subfield code="4">0</subfield>
    <subfield code="7">0</subfield>
    <subfield code="a">BCEJYS</subfield>
    <subfield code="b">BCEJYS</subfield>
    <subfield code="c">16</subfield>
    <subfield code="d">2026-04-07</subfield>
    <subfield code="l">0</subfield>
    <subfield code="o">347.72 C813s</subfield>
    <subfield code="p">L44291</subfield>
    <subfield code="r">2026-04-07 15:57:37</subfield>
    <subfield code="w">2026-04-07</subfield>
    <subfield code="y">L</subfield>
  </datafield>
  <datafield tag="952" ind1=" " ind2=" ">
    <subfield code="0">0</subfield>
    <subfield code="1">0</subfield>
    <subfield code="4">0</subfield>
    <subfield code="7">0</subfield>
    <subfield code="a">BCEJYS</subfield>
    <subfield code="b">BCEJYS</subfield>
    <subfield code="c">16</subfield>
    <subfield code="d">2026-04-07</subfield>
    <subfield code="l">0</subfield>
    <subfield code="o">347.72 C813s</subfield>
    <subfield code="p">L44292</subfield>
    <subfield code="r">2026-04-07 15:57:37</subfield>
    <subfield code="w">2026-04-07</subfield>
    <subfield code="y">L</subfield>
  </datafield>
  <datafield tag="952" ind1=" " ind2=" ">
    <subfield code="0">0</subfield>
    <subfield code="1">0</subfield>
    <subfield code="4">0</subfield>
    <subfield code="7">0</subfield>
    <subfield code="a">BCEJYS</subfield>
    <subfield code="b">BCEJYS</subfield>
    <subfield code="c">16</subfield>
    <subfield code="d">2026-04-07</subfield>
    <subfield code="l">0</subfield>
    <subfield code="o">347.72 C813s</subfield>
    <subfield code="p">L53227</subfield>
    <subfield code="r">2026-04-07 15:57:37</subfield>
    <subfield code="w">2026-04-07</subfield>
    <subfield code="y">L</subfield>
  </datafield>
  <datafield tag="952" ind1=" " ind2=" ">
    <subfield code="0">0</subfield>
    <subfield code="1">0</subfield>
    <subfield code="4">0</subfield>
    <subfield code="7">0</subfield>
    <subfield code="a">BCEJYS</subfield>
    <subfield code="b">BCEJYS</subfield>
    <subfield code="c">16</subfield>
    <subfield code="d">2026-04-07</subfield>
    <subfield code="l">0</subfield>
    <subfield code="o">347.72 C813s</subfield>
    <subfield code="p">L44289</subfield>
    <subfield code="r">2026-04-07 15:57:37</subfield>
    <subfield code="w">2026-04-07</subfield>
    <subfield code="y">L</subfield>
  </datafield>
</record>
